000 00427nam a2200157 4500
001 117145
003 ES-MaACL
005 20230906190834.0
007 t|
008 071121s1925 sp r ||||1| spa d
100 1 _aPeña, Manuel de la.
_990236
245 1 0 _aBordon
_b: poemas : 1922 /
_cManuel de la Peña.
260 _aMadrid :
_bRodríguez de Llano,
_c1925.
300 _a43 p. ;
_c16 cm.
852 _aES-MaACL
_j1684-F-3
999 _c117145
_d117145